000 00536nam a2200205Ia 4500
005 20250326144248.0
008 250326s9999 xx 000 0 und d
020 _a81-8116-082-7
037 _aTextbook
040 _aFMSL
_beng
_cFMSL
041 _aeng
_2eng
084 _aX:77 P9
_qFMSL
100 _aSharma S
_9124666
245 0 _aProject planning development
_cSharma S
260 _aNew Delhi
_bNew Delhi, Maxford
_c2008
300 _a305p
365 _b995
942 _cTB
_hX:77 P9
999 _c1303038
_d1303038